Química de los alimentos
Guardat en:
| Autor principal: | |
|---|---|
| Format: | Llibre |
| Idioma: | espanyol |
| Publicat: |
Ciudad de México
Pearson Addison Wesley
2006
|
| Edició: | 4a. ed |
| Matèries: | |
| Etiquetes: |
Afegir etiqueta
Sense etiquetes, Sigues el primer a etiquetar aquest registre!
|
MARC
| LEADER | 00000cam a2200000 a 4500 | ||
|---|---|---|---|
| 001 | UCI5572 | ||
| 003 | CL-VaPUC | ||
| 008 | 080404e20060000MX |||||||||||||||||spa|d | ||
| 020 | |a 9702606705 | ||
| 082 | 0 | 4 | |a 664 |b BAD |2 21 |
| 100 | 0 | |a Badui Dergal, Salvador |e author |9 528027 | |
| 245 | 1 | 0 | |a Química de los alimentos |
| 250 | |a 4a. ed | ||
| 300 | |a 716 p | ||
| 942 | |c BK | ||
| 945 | |d 20080404 00:00:00 |a rbrito | ||
| 260 | |a Ciudad de México |b Pearson Addison Wesley |c 2006 | ||
| 650 | 0 | |a Análisis de alimentos |9 361130 | |
| 650 | 7 | |a COMPOSICION |2 CL-VaPUC |9 262958 | |
| 650 | 0 | |a Reacciones químicas |9 259438 | |
| 650 | 7 | |a PROTEINAS |2 CL-VaPUC |9 528028 | |
| 650 | 0 | |a Hidratos de carbono |9 360963 | |
| 650 | 0 | |a Lípidos |9 306890 | |
| 650 | 0 | |a Enzimas |9 262984 | |
| 650 | 0 | |a Aditivos |9 344454 | |
| 583 | |a last modification |c 20170307 09:41:28 |k Rodrigo Vera | ||
| 999 | |c 329312 |d 329310 | ||
| 952 | |0 0 |1 2 |4 0 |6 664_000000000000000_BAD_2006 |7 0 |8 R |9 413697 |a BIBALI |b BIBALI |d 2019-11-22 |i 4422481 |o 664 BAD 2006 |p 4422481 |r 2019-11-22 |w 2019-11-22 |y BK_R |k ALI | ||